| 000 | 00588nam a2200193 i 4500 | ||
|---|---|---|---|
| 001 | 64595 | ||
| 003 | ES-MaACL | ||
| 005 | 20251017063052.0 | ||
| 007 | t| | ||
| 008 | 031230s1935 sp ||||1| spa d | ||
| 100 | 1 |
_aFontseré, Eduardo, _d1870-1970 _951655 |
|
| 245 | 1 | 3 |
_aEl cel de catalunya / _cpel Eduard Fontseré. |
| 260 |
_aBarcelona : _b[s.n., _c1935] ( _fImp. Sadag) |
||
| 300 |
_a27 p., 4 lám. : _bil. ; _c22 cm. |
||
| 500 | _aPrecede al tit.: Ateneu Barcelonés. | ||
| 710 | 2 |
_aAteneu Barcelonès. _92060 |
|
| 852 |
_aES-MaACL _j1804-F-15 |
||
| 999 |
_c64595 _d64595 |
||